00774nam a2200229Ia 4500003000400000005001700004006001800021007000300039008004100042024001000083037001100093040001800104041001300122100001900135110006900154245015800223260000900381650001400390700003700404700003400441700006900475OSt20220930071430.0a|||||r|||| 00| 0ta220926b |||||||| |||| 00| 0 eng d a13142 cTheses aCRLcCRLbeng 2engaeng aShankaran P.R. aUniversity of Delhi. Faculty of Science. Department of Chemistry 0aStudy in flavonoid chemistry syntheses of some recently discovered falvonol-8-methyl ethers and study of flavonol glycosides of argemone mexicana flowers c1966 aCHEMISTRY a Prof M Krishnamurthy Supervisor a Prof T R Seshadri Supervisor aUniversity of Delhi. Faculty of Science. Department of Chemistry